000 00634nam a2200193 u 4500
001 000367200
003 AM-YeHGA
005 20250617131816.0
008 041007s1983 ||||||||||||||||||||rus d
040 _aAM-YeHGA
041 0 _arus
245 0 0 _aЭнергетический комплекс СССР /
_cПод ред. Л.А. Мелентьева, А.А. Макарова.
260 _aМосква :
_bЭкономика,
_c1983.
300 _a264 с.
650 1 4 _aОбщая энергетика
700 1 _aМелентьев, Л.А.
_eред.
_4edt
700 1 _aМакаров, А.А.
_eред.
_4edt
090 _c141771
999 _c140393
_d140393